Visualizzazione normale
Vista MARC
- Tromboncino Bartolomeo
di Personal Name
Records bibliografici associati: 1
001 - CONTROL NUMBER
- control field: 5418
003 - CONTROL NUMBER IDENTIFIER
- control field: IT-RoPau
005 - DATE AND TIME OF LATEST TRANSACTION
- control field: 20131215203954.0
008 - FIXED-LENGTH DATA ELEMENTS
- fixed length control field: 131215|| aca||aabn | a|a d
040 ## - CATALOGING SOURCE
- Original cataloging agency: IT-RoPau
- Transcribing agency: IT-RoPau
100 ## - HEADING--PERSONAL NAME
- Personal name: Tromboncino Bartolomeo
- Miscellaneous information: Codice autore musica SPICS: 11181
- Relator term: Autore musica
- Name of part/section of a work: Son io quel che era quel dì - Odi cielo el mio lamento - Animoso mio desire- Per mio ben te vederei - Non resta in questa valle - Dolce ire dolce sdegni - Non più morte al mio morire - O che dirala mo - Che farala che dirala
670 ## - SOURCE DATA FOUND
- Source citation: Work cat.: (IT-RoPau)99797: AA.VV. 794, Musiche intabulate per istrumenti da tasto (organo e clavicembalo)-Lp Pcc Aa 0103